000
002880000a22001330004500
003
MACL
040
_a
MACL
090
_c
38809
_d
38807
100
_a
Lodge, Sir Oliver
245
_a
Life and Matter
260
_b
Williams and Norgate
_c
1911
650
_a
Philosophy
942
_c
BOOK
_k
100/LOD
999
_c
38390
_d
38390